| 000 | 01032nam a2200253 a 4500 | ||
|---|---|---|---|
| 001 | 000005073 | ||
| 003 | DO-SdBNP | ||
| 005 | 20220421140018.0 | ||
| 008 | 090729s1970 dr 001 0 spa d | ||
| 040 |
_aDO-SdBNP _bspa _cBNPHU |
||
| 082 | 4 |
_a343.7293032 _bR426L, 1970 _222 |
|
| 110 | 1 |
_aRepública Dominicana. _9447 |
|
| 245 | 1 | 0 | _aLegislación monetaria, bancaria y financiera de la República Dominicana / |
| 260 |
_aSanto Domingo : _bBanco Central de la República Dominicana, _c1970. |
||
| 300 |
_a261 p. ; _c23 cm. |
||
| 500 | _aEdición preparada y actualizada por el Departamento Legal del Banco Central de la República Dominicana | ||
| 500 | _aIncluye referencias bibliográficas y notas al pie de las páginas | ||
| 590 | _aInventariado, 2022/MFF | ||
| 650 | 4 |
_aBancos _xLegislación _zRepública Dominicana _96284 |
|
| 650 | 4 |
_aMoneda _xLegislación _zRepública Dominicana _97834 |
|
| 650 | 4 |
_aFinanzas _xLegislación _zRepública Dominicana _97835 |
|
| 910 | _aValidado. Control de calidad MFF | ||
| 942 |
_2ddc _cLBS1 |
||
| 999 |
_c4877 _d4877 |
||